000
00327nam a2200133Ia 4500
008
210312s9999||||xx |||||||||||||| ||und||
041
_a
osm
050
_a
PL248
050
_b
T83.A85
100
_a
Tüccarzade İbrahim Hakkı
245
0
_a
Aşk mı? Zafer mi?
260
_c
1912
650
_a
Edebiyat--Türk edebiyatı--Tiyatro
999
_c
22072
_d
22072